000 00563nam a2200229Ia 4500
003 OSt
005 20220918183413.0
006 a|||||r|||| 00| 0
007 ta
008 220917b |||||||| |||| 00| 0 eng d
024 _a37,824
037 _cTextual
040 _aARTS
_cARTS
_beng
041 _2eng
_aeng
082 _aO113:1F92:1, G2
100 _aArmour M
_962726
245 0 _aGudrun tr from German
260 _c1932
650 _aENGLISH LITERATURE
942 _hO113:1F92:1, G2
_cTEXL
_2CC
999 _c172542
_d172542